Russkij jazyk glavy iz učebnika dlja pedagogičeskich učilišč časť 2. Sintaksis

Podrobná bibliografia
Hlavní autori: Zemskij, A. M. (Autor), Krjučkov, S.J (Autor), Svetlajev, M.V (Autor)
Médium: Kniha
Jazyk:ruština
Fyzický popis:118 s. V. 8°
Vydavateľské údaje: Bratislava VŠP v Slovenskom prdagogickom nakladateľstve 1954
Predmet:

MARC

LEADER 00000cam a2200000 a 4500
001 vtls008407253
003 SK-MaSNL
005 20260301075648.0
008 240318s1954 xo 000 0 rus
015 |a SKSNBA19451955-014140 
035 |a SK01SNKBKSFS20020099470 
035 |a SKM000101933 
040 |a SNK  |b slo  |c SNK  |e AACR2 
041 0 |a rus 
044 |a xo  |c SK 
080 |a 808.2(075)  |2 1981 
080 |a 377(075)  |2 1981 
100 1 |a Zemskij, A. M.  |4 aut  |9 400105 
245 1 0 |a Russkij jazyk  |n časť 2.  |p Sintaksis  |b glavy iz učebnika dlja pedagogičeskich učilišč  |c A.M. Zemskij, S.J. Krjučkov, M.V. Svetlajev 
260 |a Bratislava  |b VŠP v Slovenskom prdagogickom nakladateľstve  |c 1954  |e Bratislava  |f Technografia 
300 |a 118 s.  |c V. 8° 
366 |e 535 výtlač. 
500 |a Ofset 
650 0 7 |a ruština  |2 SNK  |9 1346 
655 7 |a učebnice  |2 SNKPH  |9 22521 
700 1 |a Krjučkov, S.J.  |4 aut  |9 400106 
700 1 |a Svetlajev, M.V.  |4 aut  |9 400107 
852 |a Slovenská národná knižnica v Martine  |b 10000  |h SD 9960 
958 |a OND 
958 |a RK 
958 |a RM 
999 |c 650930  |d 652860 
952 |a SNK  |b SNK  |y PREZ  |7 0  |p 17A0427510  |o snkSD 9960  |i snk5262/55  |0 0  |1 0  |4 0  |d 2004-05-03  |l 0  |r 2025-11-24 00:00:00  |w 2026-02-23 
952 |a SNK  |b SNK  |y VYP  |7 0  |p 17A1151308  |o snkSD 9960 D1  |i snkI. 5950/55  |0 0  |1 0  |4 0  |d 2016-12-01  |l 0  |r 2026-02-23 18:22:00  |w 2026-02-23